000 01292nam a2200325 a 4500
001 vtls000811929
003 NLI
005 20210627053858.0
008 110331s1834 ii b 000 0 eng
039 9 _y201103311709
_zDatasoft
040 0 _aNLI
_beng
_cRetro_DSC 1
_eAACR2
041 0 _aeng
044 _aii
082 0 4 _a915.48
100 1 _aBaikie, R.
_q(Robert)
_9777066
245 1 0 _aObservations on the Neilgherries :
_bincluding an account of their topography, climate, soil, & productions and of the effects of the climate on the European constitution . /
_cby R. Baikie ; edited by W. H. Smoult, esq
260 _aCalcutta :
_bPrinted at the Baptist Mission Press,
_c1834
300 _axiv, 136 p. :
_bmaps ;
_c25 cm.
500 _a"A list of plants gathered in the Neilgherries, particularly in the environs of Ootacamund. By the Rev. Mr. Schmid" : p. 129-136
650 0 _aBotany
_zIndia
_zNilgiri Hills
_9777067
651 0 _aNilgiri Hills (India)
_9777068
700 1 _aSmoult, W. H.
_q(William Hunter),
_4edt
_9777069
710 2 _aAsutosh Collection (National Library, India)
_9777070
887 _a
901 _a6186
_b06.08.1954
902 _aA.C 915.48 B 1
949 _AVIRTUAITEM
_D10000
_X100
_6GAC000006186ENG
942 _2ddc
_cBKS
999 _aVIRTUA40
_c656366
_d656366